000
00294nam a2200121Ia 4500
005
20251222141814.0
008
251222s9999||||xx |||||||||||||| ||spa||
082
_a
658.151/G24
100
_a
García Villacorta, Arturo
245
0
_a
Análisis Financiero Avanzado
264
_b
UNMSM
942
_c
LIB
999
_c
6564
_d
6564